Letové výkony a plánovanie 030 učebné texty na teoriu ATPL podľa JAR - FCL 033 Plánovanie a monitorovanie letu

Bibliographic Details
Format: Software Book
Language:Slovak
PhysicalDescription:1 elektronický optický disk (CD-ROM) 12 cm
Published: Žilina Žilinská univerzita [2005]
ISBN:8080702144
Edition:[1.vyd.]
Subjects:

MARC

LEADER 00000nam a2200000 a 4500
001 vtls008302646
003 SK-MaSNL
005 20260302074206.0
007 co ugu uuua
008 171129s2005 xo f 000 0 slo
015 |a SNBS2005 
020 |a 8080702144  |q (CD-ROM) 
040 |a SNK  |b slo  |c SNK  |e AACR2 
041 0 |a slo 
044 |a xo  |c SK 
072 7 |a 629  |x Dopravné prostriedky  |2 konspekt 
080 |a 629.7.076  |2 MDT-MRF 
080 |a 533.6  |2 MDT-MRF 
080 |a (075.8)  |2 MDT-MRF 
080 |a (0.034.44)  |2 MDT-MRF 
245 0 0 |a Letové výkony a plánovanie 030  |n 033  |p Plánovanie a monitorovanie letu  |h elektronický zdroj  |b učebné texty na teoriu ATPL podľa JAR - FCL 
250 |a [1.vyd.] 
256 |a Elektronické textové údaje 
260 |a Žilina  |b Žilinská univerzita  |c [2005] 
300 |a 1 elektronický optický disk (CD-ROM)  |c 12 cm 
650 0 7 |a letecká technika  |2 SNK  |9 70986 
650 0 7 |a aerodynamika  |2 SNKPH  |9 17380 
650 0 7 |a vysokoškolské učebnice  |2 SNK  |9 398895 
655 7 |a CD-ROM  |2 SNKPH  |9 70236 
919 |a 80-8070-214-4 
999 |c 1164040  |d 1165970 
952 |a SNK  |b SNK  |y PREZ  |7 0  |p 17A0485595  |o snkSCDM 743  |i snk2005/16935  |8 0  |0 0  |1 0  |4 0  |d 2005-10-13  |l 0  |r 2026-02-24 20:43:39  |w 2026-02-24 
952 |a SNK  |b SNK  |y PREZ  |7 0  |p 17A0485594  |o snkSCDM 743 D1  |i snk2005/16936  |8 0  |0 0  |1 0  |4 0  |d 2005-10-13  |l 0  |r 2026-02-24 20:43:39  |w 2026-02-24